| 000 | 00589nam a2200193Ia 4500 | ||
|---|---|---|---|
| 003 | GCL | ||
| 008 | 140319s9999 xx 000 0 ara d | ||
| 040 |
_aGCL / _cGCL |
||
| 082 | 0 | 4 |
_aط _b813.087 _bد ق |
| 100 | 1 | _aدار الكتاب المصرى | |
| 245 | 1 | 0 |
_aالاميرة والصياد / _cدار الكتاب المصرى |
| 260 |
_a[S.N] : _bدار الكتاب المصرى |
||
| 300 | _a15 ص | ||
| 490 |
_aقصص عالمية للاطفال _v0 |
||
| 650 | 0 | 4 | _aالاطفال |
| 650 | 0 | 4 | _aقصص الاطفال |
| 650 | 0 | 4 | _aالقصص الشعبية |
| 942 |
_2ddc _cBK |
||
| 999 |
_c56319 _d56319 |
||